Aspekte, Kategorien und Kontakte slavischer Sprachen Festschrift für Volkmar Lehmann zum 65. Geburtstag

Bibliographic Details
Other Authors: Brehmer, Bernhard (Editor), Fischer, Katrin Bente (Editor), Krumbholz, Gertje (Editor)
Format: Book
Language:German
Polish
English
Russian
PhysicalDescription:425 s. ilustr. 22 cm
Published: Hamburg Kovač 2008
ISBN:9783830036159 (viaz.)
ISSN:1610-4986
Series:Schriftenreihe Studien zur Slavistik
Subjects:

MARC

LEADER 00000nam a2200000 a 4500
001 vtls009951795
003 SK-MaSNL
005 20260301212427.0
008 251029p2008 gw a 110 0 ger
020 |a 9783830036159 (viaz.) 
040 |a SNK  |b slo  |c SNK  |e AACR2 
041 0 |a ger  |a pol  |a eng  |a rus  |b rus  |b ger  |b scr  |b eng  |b pol 
044 |a gw  |c DE 
072 7 |a 81  |x Lingvistika. Jazyky  |2 konspekt 
080 |a 81'1  |2 2001 
080 |a 811.16  |2 2001 
080 |a 81'36  |2 2001 
080 |a 81'367  |2 2001 
080 |a 81'37  |2 2001 
080 |a 81'27  |2 2001 
080 |a (062.534)  |2 2001 
245 0 0 |a Aspekte, Kategorien und Kontakte slavischer Sprachen  |b Festschrift für Volkmar Lehmann zum 65. Geburtstag  |c Bernhard Brehmer, Katrin Bente Fischer & Gertje Krumbholz (Hrsg.) 
260 |a Hamburg  |b Kovač  |c 2008 
300 |a 425 s.  |b ilustr.  |c 22 cm 
490 1 |a Schriftenreihe Studien zur Slavistik  |x 1610-4986  |v Bd. 16 
504 |a Obsahuje bibliogr. 
546 |a Čiast. text poľ., angl., rus., res. rus., nem., chorv., angl., poľ. 
650 0 7 |a lingvistika  |2 SNKPH  |9 860 
650 0 7 |a slovanské jazyky  |2 SNKPH  |9 1338 
650 0 7 |a gramatika  |2 SNKPH  |9 865 
650 0 7 |a syntax  |2 SNKPH  |9 1352 
650 0 7 |a sémantika  |2 SNKPH  |9 22710 
650 0 7 |a jazykové kontakty  |2 SNKPH  |9 344223 
655 7 |a zborníky konferencií  |2 SNKPH  |9 70153 
700 1 |a Lehmann, Volkmar  |4 hnr  |9 393026 
700 1 |a Brehmer, Bernhard  |4 edt  |9 597931 
700 1 |a Fischer, Katrin Bente  |4 edt  |9 597932 
700 1 |a Krumbholz, Gertje  |4 edt  |9 544734 
830 0 |a Schriftenreihe Studien zur Slavistik  |9 597933 
919 |a 978-3-8300-3615-9 
999 |c 918098  |d 920028 
952 |a SNK  |b SNK  |y VYP  |7 0  |p 17A0634531  |o snkIC 138160  |i snk2009/19352  |8 2  |g 95.00  |0 0  |1 0  |4 0  |d 2009-09-21  |l 0  |r 2026-02-24 08:06:34  |w 2026-02-24